LEADER 00943nas a2200229 i 4500 001 000000022376 003 CaOOAMICUS 005 20190723095937.0 008 180830s1973 gw u0 und u 022 $a0174-5786 040 $aSeMil$bita 245 10$aTübinger theologische Studien. 260 $aMainz :$bMatthias Grünewald,$c1973-1990. 300 $av. ;$c23 cm. 700 1 $aAuer, Alfons,$d<1915-2005>.$0(OLS)http://semarc/name/10036 700 1 $aKüng, Hans,$d<1928-2021>.$0(OLS)http://semarc/name/175 700 1 $aKasper, Walter,$c.$0(OLS)http://semarc/name/3462 785 00$tTübinger Studien zur Theologie und Philosophie.$dMainz : Matthias Grünewald, 1991.$w()8119 996 $6022$a0174-5786$9(OLS)http://semarc/number/1212 996 $6245$aTübinger theologische Studien$9(OLS)http://semarc/title/29847 996 $6260$aMainz :$bMatthias Grünewald$9(OLS)http://semarc/publisher/32193 LEADER 00928nam a2200241 i 4500 001 000000202921 003 CaOOAMICUS 005 20151207000000.0 008 151207s1972 it u000 u ita u 013 $a181633 040 $aSeMil$bita 100 1 $aPörtner, Rudolf.$0(OLS)http://semarc/name/58888 245 12$aL'epopea dei vichinghi /$cRudolf Pörtner. 260 $aMilano :$bGarzanti,$c1972. 300 $a399 p. :$bill., 10 p. di tav. ;$c19 cm. 490 0 $aStoria della civiltà 650 4$aVichinghi.$0(OLS)http://semarc/subject/28087 830 0$aStoria della civiltà.$0(OLS)http://semarc/title/14875 850 $aSeMil 852 $aSeMil$W1$xVenegono$y1$m3T IV 127$j251984$B153418$CSeMilBibl$Z2$F208957 $81 961 $aOmaggio: Istituto San Vincenzo 996 $6245$aL'epopea dei vichinghi$9(OLS)http://semarc/title/293729 996 $6260$aMilano :$bGarzanti$9(OLS)http://semarc/publisher/29852